Top 10 bitew Wojska Polskiego - Statystyki

Ogólne statystyki
  • Ten quiz został rozwiązany 71 razy
  • Średni wynik to 4 z 10
Statystyki odpowiedzi
Podpowiedź Bitwa % Poprawnych
Wojska polskie, litewskie i ruskie pokonały rycerzy zakonu, żyjących z wojowania w imię Pana i budzących trwogę w całej Europie. 1410 Bitwa pod Grunwaldem
90%
Jedna z najważniejszych bitew w historii świata; dzięki zwycięstwu polskich żołnierzy widmo komunizmu. 1920 Bitwa warszawska
74%
Polski król Jan III Sobieski na czele skromnych polskich wojsk powstrzymał najazd turecki, broniąc Europę przez islamizacją. 1683 Odsiecz wiedeńska
60%
Zamknięte w warownym obozie siły polsko-litewsko-kozackie stanęły na drodze armii osmańskiej 1621 Bitwa pod Chocimiem
48%
Wycięcie trzykrotnie liczniejszych wojsk szwedzkich.1605 Bitwa pod Kircholmem
40%
Zwycięstwo wojsk Jana Kazimierza nad armią tatarsko-kozacką, w jednym z największych starć jakie rozegrały się w XVIII wieku. 1651 Bitwa pod Beresteczkiem
26%
Polska kawaleria starła w proch 18-krotnie większą armię rosyjską, następnie Polacy osadzili na moskiewskim tronie własnego, zależnego cara. 1610 Bitwa pod Kłuszynem
26%
Słynne odparcie szwedzkiego ataku na klasztor, od którego zaczęła się kontrofensywa Polaków. 1655 Obrona Jasnej Góry
21%
Efektowne zwycięstwo króla Stefana Batorego i zajęcie Inflant. 1581-1582 . Bitwa pod Pskowem
14%
Polska husaria rozgromiła 25-krotnie silniejsze oddziały rosyjsko-kozackie 1660 Bitwa pod Kutyszczami
0%
Nie znaleziono quizów pasujących do podanych kryteriów
Rozkład punktacji
Procent ludzi z każdym wynikiem
Percentyl według liczby udzielonych odpowiedzi
Twoja historia wyników
Nie rozwiązałeś tego quizu